The refurbishment of commercial and industrial buildings (Record no. 86013)

MARC details
000 -LEADER
fixed length control field 00452cam a2200181 4500
001 - CONTROL NUMBER
control field D6975
008 - FIXED-LENGTH DATA ELEMENTS--GENERAL INFORMATION
fixed length control field 090401t1983 xxu||||| |||| 00| 0 eng d
035 ## - SYSTEM CONTROL NUMBER
System control number (Sirsi) u4304
041 ## - LANGUAGE CODE
Language code of text/sound track or separate title eng
050 ## - LIBRARY OF CONGRESS CALL NUMBER
Classification number 690.231
100 ## - MAIN ENTRY--PERSONAL NAME
Personal name Marsh, Paul
245 #4 - TITLE STATEMENT
Title The refurbishment of commercial and industrial buildings
260 ## - PUBLICATION, DISTRIBUTION, ETC.
Place of publication, distribution, etc. London
Name of publisher, distributor, etc. Construction Press
Date of publication, distribution, etc. 1983
300 ## - PHYSICAL DESCRIPTION
Extent vii. 94p. ill. 30cm
350 ## - PRICE (NR) (BK AM CF MU VM SE) [OBSOLETE]
Price 17.5
942 ## - ADDED ENTRY ELEMENTS (KOHA)
Suppress in OPAC 0
948 ## - LOCAL PROCESSING INFORMATION (OCLC); SERIES PART DESIGNATOR (RLIN)
c (OCLC) 04/03/1997
Holdings
Withdrawn status Lost status Source of classification or shelving scheme Damaged status Not for loan Home library Current library Shelving location Date acquired Cost, normal purchase price Total Checkouts Full call number Barcode Date last seen Date last checked out Copy number Cost, replacement price Price effective from Koha item type
    Dewey Decimal Classification     London London Folio 14/09/1999 17.50 6 F690.231 30018004 06/08/2019 07/08/2009 1 17.50 06/08/2019 Book